Statistiken für Länder mit Geparden

Klicken Sie hier um das Quiz zu spielen!

Allgemein

  • Dieses Quiz wurde 95 mal gespielt
  • Das Durchschnittsergebnis liegt bei 25 aus 33

Antwortstatistiken

Gepardland% Korrekt
Demokratische Republik Kongo
97%
Südafrika
97%
Niger
92%
Tansania
90%
Kenia
89%
Angola
87%
Botswana
86%
Namibia
86%
Sudan
86%
Südsudan
86%
Äthiopien
84%
Mali
84%
Nigeria
84%
Uganda
84%
Simbabwe
82%
Mosambik
81%
Tschad
81%
Kamerun
80%
Somalia
80%
Sambia
77%
Algerien
76%
Mauretanien
72%
Senegal
71%
Eritrea
70%
Zentralafrikanische Republik
70%
Malawi
68%
Swasiland
66%
Benin
58%
Dschibuti
57%
Burkina Faso
56%
Iran
30%
Afghanistan
25%
Pakistan
23%

Verteilung der Resultate

Perzentil nach korrekt beantworteten Fragen

Anzahl Personen mit jedem Resultat

Ihre Resultats-Entwicklung

Sie haben dieses Quiz noch nicht gespielt